000 00447nam a2200181Ia 4500
008 090124s9999 xx 000 0 und d
082 _b122808
100 _aमाळवदे रमण
245 _a बनाटी
250 _a1
260 _c1988
300 _a138
600 _aमाळवदे रमण
630 _a बनाटी
700 _aमाळवदे रमण
730 _a बनाटी
942 _cBOOK
999 _c168894
_d168894